00473nam a22001457a 4500003000500000038001800005082000800023100001700031245009600048264003300144300002500177650002800202700004000230856005700270NUST aNusrat Nadeem a200 aKamal, Erass aInvestigating the Parasocial Interactions Between Pakistani Youth and Anime /c Erass Kamal aIslamabad,bS3H NUST;c2024. a123,p;bill;c30,cm. aMS-Development Studies  aSupervisor: Dr. Muhammad Ammad Khan uhttp://10.250.8.41:8080/xmlui/handle/123456789/43160